| 000 | 00363 a2200145 4500 | ||
|---|---|---|---|
| 001 | 82671 | ||
| 082 | _a671 WAL | ||
| 090 |
_c39981 _d39981 |
||
| 100 | _aWalker, John R. | ||
| 245 |
_aMODERN METAL WORKING IE-102 _cJohn R. Walker |
||
| 250 | _a9th | ||
| 260 |
_aUSA _bG-W PUBLISHER _c2004 |
||
| 300 |
_a222 p. _borigional book |
||
| 500 | _aBE textbook IE dept | ||
| 942 |
_aNUST-CAE _k671 WAL _cIE |
||
| 999 |
_c317744 _d317744 |
||